Sociální psychologie

Saved in:
Bibliographic Details
Main Author: Výrost, Jozef
Other Authors: Slaměník, Ivan
Format: Book
Language:Czech
Slovak
Published: Praha ISV nakladatelství 1997
Series:Psychologie
Subjects:
Tags: Add Tag
No Tags, Be the first to tag this record!

MARC

LEADER 00000nam a2200000 4500
001 c124288
005 20221124073953.4
020 |a 80-85866-20-X 
041 0 |a cze 
041 0 |a slo 
044 |a CZ 
245 1 0 |a Sociální psychologie  |c Jozef Výrost - Ivan Slaměník 
264 1 |a Praha  |b ISV nakladatelství  |c 1997 
300 |a 453 s. 
490 1 |a Psychologie 
830 0 |a Psychologie 
610 2 0 |a psychológia sociálna 
610 2 0 |a komunikácia sociálna 
610 2 0 |a osobnosť 
100 1 |a Výrost, Jozef 
700 1 |a Slaměník, Ivan